| 000 | 00994nam a22001815i 4500 | ||
|---|---|---|---|
| 001 | 154676 | ||
| 003 | ES-MaACL | ||
| 005 | 20230906205821.0 | ||
| 008 | 990728s1837 sp |||| | spa d | ||
| 040 |
_aCCPB | B _bspa _cCCPB | B |
||
| 080 | _a821.134.2-2"18" | ||
| 100 | 1 |
_aGorostiza, Pedro de. _9127482 |
|
| 245 | 1 | 3 |
_aEl desconfiado _b: comedia original en cinco actos y en verso / _cpor Pedro de Gorostiza. |
| 260 |
_aMadrid : _b[s.n.], _c1837 ( _fImprenta de Repullés) |
||
| 300 |
_a98, [1] p. ; _c19 cm. |
||
| 852 |
_aES-MaACL _jF-8631(4) _z-- Enc. pasta española _z-- Enc. en un vol. facticio formando parte de la col. facticia "Teatro español moderno", vol. 86 _x-- Edic.: tiene al final [1] h. con el catálogo de la Librería de Escamilla |
||
| 852 |
_aES-MaACL _jF-8641(2) _z-- Enc. pasta española _z-- Enc. en un vol. facticio formando parte de la col. facticia "Teatro español moderno" v. 98 _x-- Edic.: tiene al final [1] h. con el catálogo de la Librería de Escamilla |
||
| 999 |
_c154676 _d154676 |
||